| 000 | 00833 a2200253 4500 | ||
|---|---|---|---|
| 001 | 200003160 | ||
| 999 |
_c200003160 _d43366 |
||
| 003 | TR-AnTOB | ||
| 005 | 20230828143856.0 | ||
| 008 | 110318s2010 enk 000 0 | ||
| 020 | _a9780521427203 | ||
| 040 | _aTR-AnTOB | ||
| 041 | _aeng | ||
| 050 | 0 | 0 |
_aPE1128.A2 _bT465 2010 |
| 090 | _aPE1128.A2 T465 2010 | ||
| 100 | 1 |
_aThornbury, Scott _969287 |
|
| 245 | 1 | 0 |
_aAbout language : _btasks for teachers of English / _cScott Thornbury. |
| 264 | 1 |
_aCambridge : _bCambridge University Press , _c2010. |
|
| 300 |
_a269 p. ; _c23 cm. |
||
| 490 | 0 | _aCambridge teacher training and development | |
| 504 | _aIncludes bibliographical references and index. | ||
| 650 | 0 |
_aEnglish teachers _xTraining of _973223 |
|
| 650 | 0 |
_aEnglish language _xStudy and teaching _xForeign speakers _vProblems, exercises, etc _973226 |
|
| 942 | _cBK | ||